Rozhodovanie a systematické chyby (X.): chyby v hodnotení investičných projektov
Rozhodovanie o investičnom projekte. Demonštrácia toho, ako môže zapracovanie informácie o vynaložených výdavkoch investičného projektu negatívne ovplyvniť konečné rozhodnutie finančného manažéra. Praktický príklad.
Salvato in:
| Autore principale: | |
|---|---|
| Natura: | Capitolo di libro |
| Lingua: | slovacco |
| Soggetti: | |
| Tags: |
Nessun Tag, puoi essere il primo ad aggiungerne!!
|
MARC
| LEADER | 00000naa a2200000 4500 | ||
|---|---|---|---|
| 001 | 0126134 | ||
| 005 | 20240502072434.8 | ||
| 041 | 0 | |a slo | |
| 044 | |a SK | ||
| 245 | 1 | 0 | |a Rozhodovanie a systematické chyby (X.): chyby v hodnotení investičných projektov |c Michal Šinský |
| 520 | |a Rozhodovanie o investičnom projekte. Demonštrácia toho, ako môže zapracovanie informácie o vynaložených výdavkoch investičného projektu negatívne ovplyvniť konečné rozhodnutie finančného manažéra. Praktický príklad. | ||
| 610 | 2 | 0 | |a rozhodovanie manažérske |
| 610 | 2 | 0 | |a manažéri |
| 610 | 2 | 0 | |a projekty investičné |
| 610 | 2 | 0 | |a výdavky |
| 100 | 1 | |a Šinský, Michal | |